[Event "Cracovia"]
[Site "Krakow"]
[Date "2007.01.03"]
[Round "8.11"]
[White "Caba, Tomasz"]
[Black "Rybak, Tomasz"]
[Result "1-0"]
[WhiteElo "2225"]
[BlackElo "2247"]
[PlyCount "139"]
[EventDate "2006.??.??"]

1. c4 Nf6 2. g3 c5 3. Bg2 g6 4. Nf3 Bg7 5. Nc3 Nc6 6. O-O O-O 7. d3 Rb8 8. a3
a6 9. Rb1 b5 10. cxb5 axb5 11. b4 cxb4 12. axb4 d5 13. Bf4 Rb6 14. Ne5 Nxe5 15.
Bxe5 d4 16. Na2 Bb7 17. Bxb7 Rxb7 18. Qb3 Nd5 19. Bxg7 Kxg7 20. Rbc1 Qd7 21.
Rc5 e6 22. Qb2 Nb6 23. Qd2 Na4 24. Rc2 e5 25. Nc1 Nc3 26. Nb3 Qd5 27. Nc5 Ra7
28. e4 Qd6 29. f4 exf4 30. gxf4 f5 31. Qg2 Kg8 32. e5 Qd5 33. Re1 Rfa8 34.
Qxd5+ Nxd5 35. Ne6 Nxb4 36. Rd2 Ra3 37. Nc7 Ra1 38. Rxa1 Rxa1+ 39. Kf2 Ra5 40.
Ke2 Na2 41. Ne6 Nc3+ 42. Kf3 Ra4 43. Rc2 b4 44. Nxd4 Ra2 45. Rxa2 Nxa2 46. Ke3
Kf7 47. Kd2 Nc3 48. Kc2 Nd5 49. Ne2 h6 50. h4 Ne3+ 51. Kb3 Ng2 52. Kxb4 Nxh4
53. Kc5 Ke7 54. d4 g5 55. d5 Ng6 56. d6+ Kd7 57. fxg5 hxg5 58. Kd5 Nf8 59. Nd4
f4 60. e6+ Nxe6 61. Nxe6 f3 62. Nc5+ Kd8 63. Ne4 Kd7 64. Ke5 g4 65. Ng3 f2 66.
Kd5 Kd8 67. Ke6 Ke8 68. Nf1 g3 69. Nxg3 Kd8 70. d7 1-0

[Event "Cracovia"]
[Site "Krakow"]
[Date "2007.01.04"]
[Round "9.1"]
[White "Solodovnichenko, Yuri"]
[Black "Jakubiec, Artur"]
[Result "1/2-1/2"]
[WhiteElo "2574"]
[BlackElo "2488"]
[PlyCount "111"]
[EventDate "2006.??.??"]

1. e4 e6 2. d4 d5 3. e5 c5 4. c3 Qb6 5. Nf3 Bd7 6. a3 cxd4 7. cxd4 Bb5 8. Bxb5+
Qxb5 9. Nc3 Qa6 10. Ne2 Ne7 11. O-O Nd7 12. Ng3 Nc6 13. Nh5 g6 14. Nf6+ Nxf6
15. exf6 Bd6 16. Bh6 O-O-O 17. b4 Qb6 18. Qd2 Kb8 19. Rac1 a6 20. Bf4 Ka8 21.
Bxd6 Rxd6 22. Rc5 Qd8 23. Ne5 Nxe5 24. dxe5 Rd7 25. Rfc1 d4 26. Qd3 Qb6 27.
R1c4 Qd8 28. h3 Re8 29. f4 h6 30. h4 Kb8 31. a4 g5 32. fxg5 hxg5 33. h5 g4 34.
h6 g3 35. h7 Rh8 36. b5 Rxh7 37. Qxh7 d3 38. Rc8+ Qxc8 39. Rxc8+ Kxc8 40. bxa6
bxa6 41. Kf1 d2 42. Qc2+ Kd8 43. Qd1 Rd5 44. Ke2 Rxe5+ 45. Kf3 Rd5 46. Kxg3 a5
47. Kf4 Kd7 48. g4 Kd6 49. Ke4 Re5+ 50. Kf3 Rd5 51. g5 Rd4 52. Ke3 e5 53. Ke2
Re4+ 54. Kd3 Rd4+ 55. Kc3 Ke6 56. Kc2 1/2-1/2

[Event "Cracovia"]
[Site "Krakow"]
[Date "2007.01.04"]
[Round "9.2"]
[White "Jedynak, Radoslaw"]
[Black "Firman, Nazar"]
[Result "1/2-1/2"]
[WhiteElo "2559"]
[BlackElo "2495"]
[PlyCount "71"]
[EventDate "2006.??.??"]

1. d4 Nf6 2. c4 e6 3. Nc3 Bb4 4. Qc2 O-O 5. a3 Bxc3+ 6. Qxc3 b6 7. Bg5 Bb7 8.
Nf3 d6 9. Nd2 Nbd7 10. f3 h6 11. Bh4 d5 12. e3 Rc8 13. cxd5 exd5 14. Bd3 Qe7
15. Bf5 g5 16. Bf2 c5 17. O-O Ne8 18. e4 Ng7 19. Bxd7 Qxd7 20. dxc5 dxe4 21.
Nxe4 Bxe4 22. fxe4 bxc5 23. Bxc5 Ne6 24. b4 Nxc5 25. bxc5 Qc6 26. Rac1 Rfe8 27.
Rf6 Qxe4 28. Rxh6 Qe3+ 29. Qxe3 Rxe3 30. c6 Rc7 31. Rh3 Rxh3 32. gxh3 Kf8 33.
Kg2 Ke7 34. h4 gxh4 35. Kh3 Kd6 36. Kxh4 1/2-1/2

[Event "Cracovia"]
[Site "Krakow"]
[Date "2007.01.04"]
[Round "9.3"]
[White "Tazbir, Marcin"]
[Black "Malaniuk, Vladimir P"]
[Result "0-1"]
[WhiteElo "2425"]
[BlackElo "2534"]
[PlyCount "120"]
[EventDate "2006.??.??"]

1. e4 e5 2. Nf3 Nc6 3. Bb5 a6 4. Ba4 Nf6 5. O-O Bc5 6. Nxe5 Nxe5 7. d4 b5 8.
Bb3 Bxd4 9. Qxd4 d6 10. c3 c5 11. Qd1 O-O 12. f3 Bb7 13. Be3 Re8 14. a4 c4 15.
Bc2 d5 16. axb5 axb5 17. Rxa8 Qxa8 18. exd5 Nxd5 19. Bd4 Nf4 20. Bxe5 Rxe5 21.
Qd6 Qe8 22. Qd2 g5 23. Bd1 Qe7 24. Qf2 Nd3 25. Qd2 Rd5 26. Kh1 Qc5 27. Bc2 Nf4
28. Qf2 Qxf2 29. Rxf2 Re5 30. h3 h5 31. Kh2 h4 32. Nd2 Kg7 33. Ne4 Bxe4 34.
fxe4 Nh5 35. Kg1 Ng3 36. Rd2 Kf6 37. Rd6+ Ke7 38. Rd2 f6 39. Rd5 Rxd5 40. exd5
f5 41. Kf2 Kd6 42. Kf3 Kxd5 43. Ke3 Ne4 44. Bd1 Nd6 45. Bf3+ Kc5 46. Bd1 Ne4
47. Bh5 Nf6 48. Bf7 Nd5+ 49. Kf3 Nf4 50. g3 hxg3 51. Kxg3 Nd3 52. Be6 f4+ 53.
Kg4 Nxb2 54. Kxg5 f3 55. h4 f2 56. Bh3 b4 57. cxb4+ Kxb4 58. Kf4 c3 59. Ke3
Nc4+ 60. Kd3 Kb3 0-1

[Event "Cracovia"]
[Site "Krakow"]
[Date "2007.01.04"]
[Round "9.4"]
[White "Shishkin, Vadim"]
[Black "Bulski, Krzysztof"]
[Result "1-0"]
[WhiteElo "2484"]
[BlackElo "2400"]
[PlyCount "61"]
[EventDate "2006.??.??"]

1. d4 d5 2. c4 c6 3. Nf3 Nf6 4. Nc3 e6 5. Bg5 h6 6. Bh4 dxc4 7. e4 g5 8. Bg3 b5
9. Be2 Nbd7 10. d5 Bb7 11. dxe6 fxe6 12. e5 Nd5 13. Nd4 Nc5 14. Bh5+ Kd7 15.
O-O b4 16. Nce2 Qb6 17. Qc2 Rd8 18. Rfd1 Ba6 19. Bf7 Be7 20. Qg6 Kc7 21. Bxe6
Kb7 22. Bf7 Nd3 23. Bxd5 cxd5 24. Qf7 Rhe8 25. Nf5 Ka8 26. Ng7 Rf8 27. Qxe7
Rxf2 28. Bxf2 Nxf2 29. Rd4 c3 30. Ne6 cxb2 31. Rb1 1-0

[Event "Cracovia"]
[Site "Krakow"]
[Date "2007.01.04"]
[Round "9.5"]
[White "Szelag, Marcin"]
[Black "Gumula, Daniel"]
[Result "1-0"]
[WhiteElo "2472"]
[BlackElo "2359"]
[PlyCount "107"]
[EventDate "2006.??.??"]

1. e4 e6 2. d4 d5 3. Nc3 Bb4 4. e5 c5 5. a3 Bxc3+ 6. bxc3 Qa5 7. Bd2 Qa4 8. Qb1
c4 9. h4 f6 10. Nf3 Nc6 11. Be2 fxe5 12. dxe5 Nge7 13. h5 h6 14. O-O Bd7 15.
Nd4 Qa5 16. Nb5 O-O 17. Re1 a6 18. Nd6 Nxe5 19. Qb4 N7c6 20. Qxa5 Nxa5 21. Rab1
b5 22. Be3 Nf7 23. Bc5 Nxd6 24. Bxd6 Rfe8 25. f4 Nb7 26. Be5 Nc5 27. Bg4 Ne4
28. Bf3 Bc6 29. Bxe4 dxe4 30. Kf2 Rad8 31. Ke3 Rd5 32. g4 Red8 33. Bd4 Rf8 34.
Rg1 Kh7 35. Rg3 Rf7 36. Rbg1 Rfd7 37. R1g2 Bb7 38. Rh2 Rf7 39. Rg1 Rfd7 40. Ke2
Rxd4 41. cxd4 Rxd4 42. Ke3 Rd5 43. Rd2 a5 44. Rxd5 exd5 45. Rb1 Bc6 46. Kd4 g6
47. hxg6+ Kxg6 48. c3 h5 49. gxh5+ Kxh5 50. Rg1 Bd7 51. Kxd5 e3 52. Ke4 e2 53.
Ke3 Bg4 54. Kf2 1-0

[Event "Cracovia"]
[Site "Krakow"]
[Date "2007.01.04"]
[Round "9.6"]
[White "Gritsak, Orest"]
[Black "Caba, Tomasz"]
[Result "1-0"]
[WhiteElo "2542"]
[BlackElo "2225"]
[PlyCount "97"]
[EventDate "2006.??.??"]

1. Nf3 g6 2. d4 Nf6 3. c4 c5 4. Nc3 Bg7 5. e4 cxd4 6. Nxd4 Nc6 7. Be3 Ng4 8.
Qxg4 Nxd4 9. Qd1 Ne6 10. Rc1 Qa5 11. Qd2 b6 12. Qd5 Qxd5 13. exd5 Nd4 14. Bd3
O-O 15. O-O d6 16. Rfe1 Nf5 17. Bg5 Bxc3 18. Rxc3 f6 19. Bd2 Kf7 20. f3 h5 21.
Kf2 Rh8 22. a4 Bd7 23. Ra3 Rab8 24. Bc3 Rb7 25. Rea1 a6 26. R3a2 h4 27. Re1 Rh5
28. b3 Rc7 29. Rae2 b5 30. Ba5 Rb7 31. axb5 axb5 32. Bd8 bxc4 33. bxc4 Ba4 34.
Bxf5 Rxf5 35. Rxe7+ Rxe7 36. Rxe7+ Kg8 37. Re4 Kf7 38. Bc7 Bc2 39. Rxh4 g5 40.
Rd4 Ke7 41. g4 Re5 42. c5 dxc5 43. Rd2 Bb3 44. Bxe5 fxe5 45. d6+ Kd7 46. Ke3 c4
47. Rd5 c3 48. Rxe5 c2 49. Kd2 1-0

[Event "Cracovia"]
[Site "Krakow"]
[Date "2007.01.04"]
[Round "9.7"]
[White "Savickas, Airidas"]
[Black "Hera, Imre Jr"]
[Result "1-0"]
[WhiteElo "2360"]
[BlackElo "2510"]
[PlyCount "89"]
[EventDate "2006.??.??"]

1. e4 c6 2. d4 d5 3. Nd2 dxe4 4. Nxe4 Bf5 5. Ng3 Bg6 6. N1e2 Nf6 7. h4 h6 8.
Nf4 Bh7 9. c3 e6 10. Qf3 Nd5 11. Bd3 Nxf4 12. Bxf4 Qd5 13. Qe2 Bxd3 14. Qxd3
Nd7 15. O-O Nf6 16. Rfe1 Be7 17. Be5 O-O 18. Nf1 Nd7 19. g3 c5 20. Qe2 Nxe5 21.
dxe5 Rfd8 22. Red1 Qc6 23. Nh2 c4 24. Nf3 Bc5 25. Rxd8+ Rxd8 26. Rd1 Rd5 27.
Kg2 Qd7 28. Rxd5 Qxd5 29. Qd2 b5 30. Qxd5 exd5 31. h5 a5 32. Nd4 b4 33. Kf1 a4
34. Ke2 a3 35. bxa3 bxc3 36. Nb5 d4 37. Kd1 d3 38. Nxc3 Bxf2 39. a4 Bb6 40. Ne4
Ba5 41. Nd6 c3 42. Nc4 Bd8 43. a5 Bg5 44. Na3 c2+ 45. Nxc2 1-0

[Event "Cracovia"]
[Site "Krakow"]
[Date "2007.01.04"]
[Round "9.8"]
[White "Miroslaw, Michal"]
[Black "Jakubowski, Krzysztof"]
[Result "0-1"]
[WhiteElo "2254"]
[BlackElo "2497"]
[PlyCount "92"]
[EventDate "2006.??.??"]

1. e4 c5 2. Nf3 d6 3. d4 cxd4 4. Nxd4 Nf6 5. Nc3 a6 6. Bd3 Nc6 7. Nb3 e6 8. O-O
b5 9. a3 Bb7 10. f4 h5 11. Qe1 h4 12. Rf3 h3 13. Rxh3 Rxh3 14. gxh3 g6 15. Be3
Bg7 16. Qf2 Qe7 17. Bb6 Nd7 18. Bf1 g5 19. fxg5 Nxb6 20. Qxb6 Ne5 21. Na5 Qxg5+
22. Kh1 Bc8 23. Be2 Qd8 24. Qxd8+ Kxd8 25. Rg1 Bf6 26. Nd1 Ke7 27. Ne3 Bd7 28.
c3 Rh8 29. Bg4 Nxg4 30. hxg4 Be5 31. Rg2 f6 32. Kg1 Rh3 33. Nf1 Bf4 34. Ng3 Rh4
35. Kf2 Rxg4 36. Ne2 Be3+ 37. Kf3 Rxg2 38. Kxg2 Be8 39. Nd4 Bc1 40. Nac6+ Bxc6
41. Nxc6+ Ke8 42. Nb8 a5 43. Nc6 Bxb2 44. Nd4 Bxa3 45. Nxe6 Kd7 46. Nd4 Bb2 0-1

[Event "Cracovia"]
[Site "Krakow"]
[Date "2007.01.04"]
[Round "9.9"]
[White "Moranda, Wojciech"]
[Black "Swiercz, Dariusz"]
[Result "1-0"]
[WhiteElo "2462"]
[BlackElo "2311"]
[PlyCount "117"]
[EventDate "2006.??.??"]

1. d4 Nf6 2. c4 c5 3. d5 b5 4. cxb5 a6 5. f3 g6 6. e4 d6 7. Na3 Bg7 8. Ne2 O-O
9. Nc3 axb5 10. Naxb5 Na6 11. Bg5 Qa5 12. Be2 Nc7 13. O-O Nxb5 14. Bxb5 Ra7 15.
Qc2 Ba6 16. Bxa6 Qxa6 17. Rfe1 Qb7 18. Rad1 Ne8 19. Kh1 Qd7 20. f4 f6 21. Bh4
Nc7 22. b3 Nb5 23. Nxb5 Qxb5 24. Re2 Rfa8 25. a4 Qb6 26. Be1 Rb7 27. Rd3 Qa6
28. a5 Rb5 29. Qc4 Rab8 30. g3 Kf7 31. Kg2 Qb7 32. Ree3 Ke8 33. h3 Kf8 34. g4
Qa7 35. Bd2 Rxa5 36. Bxa5 Qxa5 37. Qc2 Ra8 38. Re2 Bh6 39. Rf3 Bg7 40. Qc4 Qa1
41. Rf1 Qa3 42. Rf3 Qa1 43. e5 fxe5 44. fxe5+ Kg8 45. exd6 exd6 46. Qf4 Rf8 47.
Qa4 Qd1 48. Rxf8+ Bxf8 49. Qe4 Qa1 50. Qe6+ Kh8 51. Rf2 Qg7 52. Qf7 Qxf7 53.
Rxf7 Kg8 54. Rd7 h6 55. Kf3 Kh8 56. Ke4 Kg8 57. Kd3 Kh8 58. Kc4 Kg8 59. Kb5 1-0

[Event "Cracovia"]
[Site "Krakow"]
[Date "2007.01.04"]
[Round "9.10"]
[White "Marszalek, Maciej"]
[Black "Brzeski, Maciej"]
[Result "1/2-1/2"]
[WhiteElo "2402"]
[BlackElo "2323"]
[PlyCount "86"]
[EventDate "2006.??.??"]

1. d4 Nf6 2. c4 g6 3. Nc3 Bg7 4. Nf3 O-O 5. g3 c5 6. Bg2 cxd4 7. Nxd4 Nc6 8.
Nc2 a6 9. O-O Rb8 10. a3 d6 11. b4 Be6 12. Nd5 Ne5 13. Nd4 Qd7 14. Nb6 Qc7 15.
Nxe6 fxe6 16. c5 Nfd7 17. Nxd7 Nxd7 18. cxd6 exd6 19. Ra2 Rbc8 20. Bh3 Rfe8 21.
Bf4 Be5 22. Be3 Nb6 23. Bxb6 Qxb6 24. Rc2 Kf7 25. e3 Rxc2 26. Qxc2 Qc6 27. Qe2
d5 28. Rd1 Rc8 29. Qf3+ Bf6 30. Bg4 Rc7 31. h4 Re7 32. h5 Qc3 33. hxg6+ hxg6
34. e4 Qxf3 35. Bxf3 d4 36. Rd3 Rc7 37. Bd1 e5 38. f4 Ke6 39. Kf2 Be7 40. Ke2
Rc1 41. Bb3+ Kf6 42. Rd1 Rc3 43. Rd3 Rxd3 1/2-1/2

[Event "Cracovia"]
[Site "Krakow"]
[Date "2007.01.04"]
[Round "9.11"]
[White "Kosiorek, Marek"]
[Black "Cherednichenko, Svetlana"]
[Result "1/2-1/2"]
[WhiteElo "2374"]
[BlackElo "2273"]
[PlyCount "61"]
[EventDate "2006.??.??"]

1. d4 Nf6 2. c4 g6 3. Nc3 Bg7 4. e4 d6 5. Nge2 O-O 6. Ng3 c5 7. d5 e6 8. Be2
exd5 9. cxd5 a6 10. a4 Nbd7 11. O-O Rb8 12. Bg5 Qc7 13. Qd2 Re8 14. Bh6 Bh8 15.
Qf4 Ne5 16. Qh4 c4 17. Be3 b5 18. axb5 axb5 19. Ra7 Qd8 20. Bg5 b4 21. Nd1 Qb6
22. Be3 Qb5 23. b3 Rb7 24. bxc4 Qd7 25. Rxb7 Qxb7 26. h3 Nfd7 27. f4 Bf6 28.
Qh6 Bg7 29. Qh4 Bf6 30. Qh6 Bg7 31. Qh4 1/2-1/2